• 首页
  • 本馆介绍
  • 公告通知
  • 最新文献
  • 馆藏检索
  • 电子资源
  • 读者导购
  • 参考咨询
  • 我的图书馆
  • 登录
  • 详细信息显示
  • 放入我的书架
  • 预约/预借图书
  • 作者相关作品
  • 分类相关作品
  • 丛书相关作品
  • 出版社相关作品

书目信息

  • 表格格式
  • 工作单格式
  • 卡片格式
书名: British short stories of today
作者: edited by Esmor Jones.
分册号:
分册名:
出版地: Harmondsworth, Middlesex, England ;
 
出版社: Penguin
出版时间: 1987.
页数: 143 p. ;
开本: 20 cm.
丛书名:
中图分类号:
科图分类号:
其他分类号: I561.45
主题词:
电子资源:
000 00534nam 2200181Ia 4504
001 E0761323288
005 20070228141132.57
008 030415s1987 enk 000 0 eng d
035    @a3935185
040    @aOSU@cOSU
090    @aK551.63/W21
090    @aI561.45
099    @dI561.45@ex57
245 00 @aBritish short stories of today / @cedited by Esmor Jones.
260    @aHarmondsworth, Middlesex, England ;@aNew York :@bPenguin,@c1987.
300    @a143 p. ;@c20 cm.
650  0 @aEnglish fiction
650  0 @aShort stories, English.
    
    British short stories of today / / edited by Esmor Jones.-Harmondsworth, Middlesex, England ; ; New York : : Penguin, , 1987.
    143 p. ; ; 20 cm.
    
    
    ISBN
    
●
相关链接 在E读中查询图书 在五车中查询图书 在当当中查询图书 在豆瓣中查询图书


正题名:British short stories of today     索取号:I561.45/x57         预约/预借

序号 登录号 条形码 馆藏地/架位号 状态 备注
1 183961   001685741   第二样本阅览室/ [索取号:I561.45/x57] 在馆    
2 183962   001683958   第四借阅区/ [索取号:I561.45/x57] 在馆    
3 183963   001685732   第四借阅区/ [索取号:I561.45/x57] 在馆    
4 183964   001683878   第四借阅区/ [索取号:I561.45/x57] 在馆    
5 183965   001683912   第四借阅区/ [索取号:I561.45/x57] 在馆    
唐山师范学院图书馆 欢迎您!
大连网信软件有限公司© 版权所有